000 00238nam a22001097a 4500
008 180802b xxu||||| |||| 00| 0 eng d
082 _a813.52
245 _aMamography
_cBeauchamp,J
260 _c2006
300 _a4
_fCD
942 _2ddc
_cMX
999 _c46704
_d46704